000 00363pab a2200145 454500
008 180718b1985 xxu||||| |||| 00| 0 eng d
100 _aPanwar, J.S.
245 _aCooperative milk marketing in Rajasthan
_bA study
260 _c1985
300 _a34-5
362 _aSept.
650 _aDairy Products - India - Rajasthan
773 _aKurukshetra
909 _a6991
999 _c6991
_d6991